[Event "Omsk op 02"]
[Site "Omsk"]
[Date "2014.02.12"]
[Round "7"]
[White "Chagochkin, Valeriy"]
[Black "Volkov, Alexander"]
[Result "1-0"]
[WhiteElo "2095"]
[BlackElo "2002"]
[PlyCount "35"]
[EventDate "2014.02.03"]
[EventType "swiss"]
[EventRounds "9"]
[EventCountry "RUS"]
[SourceTitle "EXT 2016"]
[Source "ChessBase"]
[SourceDate "2015.10.08"]
[SourceVersion "1"]
[SourceVersionDate "2015.10.08"]
[SourceQuality "1"]

1. c4 e5 2. Nc3 Nc6 3. e3 Nf6 4. Nf3 Bc5 5. d4 Bd6 6. d5 Ne7 7. g3 c6 8. dxc6 bxc6 9. Qxd6 Bb7 10. Bg2 0-0 11. 0-0 Ng6 12. Nxe5 Nxe5 13. Qxe5 Re8 14. Qf4 Ba6 15. b4 Rb8 16. Rb1 c5 17. b5 Bc8 18. Qxb8 1-0

[Event "Omsk op 02"]
[Site "Omsk"]
[Date "2014.02.09"]
[Round "4"]
[White "Avdeev, Alexander"]
[Black "Volkov, Alexander"]
[Result "1-0"]
[WhiteElo "2227"]
[BlackElo "2002"]
[PlyCount "27"]
[EventDate "2014.02.03"]
[EventType "swiss"]
[EventRounds "9"]
[EventCountry "RUS"]
[SourceTitle "EXT 2016"]
[Source "ChessBase"]
[SourceDate "2015.10.08"]
[SourceVersion "1"]
[SourceVersionDate "2015.10.08"]
[SourceQuality "1"]

1. d4 Nf6 2. g3 c6 3. c4 d5 4. Qc2 dxc4 5. Nf3 Bg4 6. Nbd2 Qa5 7. Bg2 Nbd7 8. 0-0 e6 9. Nxc4 Qc7 10. Bf4 Qc8 11. Bd6 b5 12. Bxf8 Kxf8 13. Nd6 Qc7 14. Nxb5 1-0